000 00688nam a2200205 4500
001 15679
010 _a9789725973042
021 _b279111/08
090 _a15679
100 _a20100301d2008 m a0pory5003 ba
200 1 _aMulheres e republicanismo
_e(1908-1928)
_fJoão Esteves
210 9 _aLisboa
_cComissão para a Cidadania e Igualdade de Género - Presidência do Conselho de Ministros,
_dD.L. 2008
215 _a111p.
_d17 cm
225 2 _aFio de ariana;
_v5)
675 _a323.2-055.2(469)"1908/1928"
_vBN
_zpor
675 _a316.346-055.2(469)"1908/1928"
_vBN
_zpor
675 _a316.66-055.2(469)"1908/1928"
_vBN
_zpor
700 1 _aEsteves,
_bJoão,
_f1960-
801 0 _aPT
_bBN
_gRPC
990 _cLIVROS